Personnel administration : a point of view and a method

Αποθηκεύτηκε σε:
Λεπτομέρειες βιβλιογραφικής εγγραφής
Κύριος συγγραφέας: Pigors, Paul John William 1900-
Άλλοι συγγραφείς: Myers, Charles Andrew 1913-
Μορφή: Βιβλίο
Γλώσσα:English
Δημοσίευση: New York : McGraw-Hill, c1981
Έκδοση:9th ed.
Θέματα:
Ετικέτες: Προσθήκη ετικέτας
Δεν υπάρχουν, Καταχωρήστε ετικέτα πρώτοι!

MARC

LEADER 00000cam a2200000 i 4500
001 1/25930
008 960423s1981 eng d
020 |a 0070499713  |c $18.95 (est.) 
035 |l 10022576 
040 |a GR-MY-UA  |b gre  |e aacr 
041 0 |a eng 
082 0 |a 658.3 
100 1 |a Pigors, Paul John William  |d 1900- 
245 1 0 |a Personnel administration :  |b a point of view and a method /  |c Paul Pigors, Charles A. Myers ; [new drawings by J&R Services, inc.] 
250 |a 9th ed. 
260 |a New York :   |b McGraw-Hill,   |c c1981 
300 |a xv, 588 p.;  |b ill.;  |c 24 cm. 
504 |a Includes bibliographies and indexes 
650 0 0 |a Personnel management. 
700 1 |a Myers, Charles Andrew  |d 1913- 
852 |a INST  |b CHIOS  |e 19960423  |h 658.3 PIG  |p 005200001979  |q 005200001979  |t BK  |y 0 
909 |a Χ  |b 017014